书目信息 |
| 题名: |
电工技术学习指导与习题解答
|
|
| 作者: | 李中发 主编 | |
| 分册: | ||
| 出版信息: | 北京 中国水利水电出版社 2005.08 |
|
| 页数: | 245页 | |
| 开本: | 26cm | |
| 丛书名: | 21世纪高等院校规划教材 | |
| 单 册: | ||
| 中图分类: | TM-42 | |
| 科图分类: | ||
| 主题词: | 电工技术--dian gong ji shu--高等学校--学习参考资料 | |
| 电子资源: | ||
| ISBN: | 7-5084-3153-7 | |
| 000 | 00947nam 2200253 450 | |
| 001 | 012006674031 | |
| 005 | 20060304162803.21 | |
| 010 | @a7-5084-3153-7@dCNY23.00 | |
| 100 | @a20060303d2005 km y0chiy0121 ea | |
| 101 | 0 | @achi |
| 102 | @aCN@b110000 | |
| 105 | @aa a 000yy | |
| 200 | 1 | @a电工技术学习指导与习题解答@Adian gong ji shu xue xi zhi dao yu xi ti jie da@f李中发主编@Fli zhong fa zhu bian |
| 210 | @a北京@c中国水利水电出版社@d2005.08 | |
| 215 | @a245页@c图@d26cm | |
| 225 | 2 | @a21世纪高等院校规划教材@A21 shi ji gao deng yuan xiao gui hua jiao cai |
| 320 | @a有书目。 | |
| 330 | @a本书是根据作者编写的《电工技术》而编写的参考书,每章分学习要求、学习指导、习题解答和习题与考研试题精选4部分。 | |
| 410 | 0 | @12001 @a21世纪高等院校规划教材 |
| 606 | 0 | @a电工技术@Adian gong ji shu@x高等学校@j学习参考资料 |
| 690 | @aTM-42@v4 | |
| 701 | 0 | @a李中发@Ali zhong fa@4主编 |
| 801 | 0 | @aCN@bQSSK@c20060304 |
| 905 | @a10447@dTM-42@eL341 | |
| 电工技术学习指导与习题解答/李中发主编.-北京:中国水利水电出版社,2005.08 |
| 245页:图;26cm.-(21世纪高等院校规划教材) |
| ISBN 7-5084-3153-7:CNY23.00 |
| 本书是根据作者编写的《电工技术》而编写的参考书,每章分学习要求、学习指导、习题解答和习题与考研试题精选4部分。 |
| ● |
| 相关链接 |
|
|
|
正题名:电工技术学习指导与习题解答
索取号:TM-42/L341
 
预约/预借
| 序号 | 登录号 | 条形码 | 馆藏地/架位号 | 状态 | 备注 |
| 1 | 553988 | 205539880 | 自科库301/301自科库 2排4列1层/ [索取号:TM-42/L341] | 在馆 | |
| 2 | 553989 | 205539899 | 自科二线404/404自科库 13排1列4层/ [索取号:TM-42/L341] | 在馆 | |
| 3 | 553990 | 205539906 | 自科库301/301自科库 2排4列1层/ [索取号:TM-42/L341] | 在馆 |